[Event "8th Ali Ipek Tournament 2020"]
[Site "Ankara"]
[Date "2020.03.07"]
[Round "3.11"]
[White "Alkan, Omer Tarik"]
[Black "Aral, Demir"]
[Result "1-0"]
[WhiteElo "1757"]
[BlackElo "1554"]
[Annotator "NA RC"]
[PlyCount "57"]
[EventDate "2020.03.04"]
[EventType "swiss"]
[EventCountry "TUR"]
[TimeControl "5400+30"]

1. e4 {[%emt 0:00:30]} e5 {[%emt 0:00:30]} 2. Nf3 {[%emt 0:00:30]} Nc6 {[%emt 0:00:00]} 3. d4 {[%emt 0:00:00]} exd4 {[%emt 0:00:00]} 4. Bc4 {[%emt 0:00:00]} Bc5 {[%emt 0:00:30]} 5. c3 {[%emt 0:00:30]} Nf6 {[%emt 0:00:30]} 6. e5 {[%emt 0:00:00]} d5 {[%emt 0:00:00]} 7. Bb5 {[%emt 0:00:00]} Ne4 {[%emt 0:00:00]} 8. cxd4 {[%emt 0:00:00]} Bb6 {[%emt 0:00:30]} 9. O-O {[%emt 0:00:00]} O-O {[%emt 0:00:00]} 10. Nc3 {[%emt 0:00:00]} Bg4 {[%emt 0:00:00]} 11. Bxc6 {[%emt 0:07:00]} bxc6 {[%emt 0:00:00]} 12. a4 {[%emt 0:00:30]} Ba5 {[%emt 0:05:00]} 13. h3 {[%emt 0:04:30]} Nxc3 {[%emt 0:03:30]} 14. bxc3 {[%emt 0:00:30]} Bxc3 {[%emt 0:02:30]} 15. hxg4 {[%emt 0:00:00]} Bxa1 {[%emt 0:00:00]} 16. Ba3 {[%emt 0:08:00]} Bc3 {[%emt 0:18:00]} 17. Qc2 {[%emt 0:00:00]} Ba5 {[%emt 0:01:30]} 18. Bxf8 {[%emt 0:00:00]} Qxf8 {[%emt 0:00:00]} 19. Qxc6 {[%emt 0:00:30]} Rc8 {[%emt 0:04:00]} 20. Qxd5 {[%emt 0:05:30]} c5 {[%emt 0:01:30]} 21. e6 {[%emt 0:02:30]} Bb6 {[%emt 0:05:30]} 22. Ng5 {[%emt 0:10:30]} cxd4 {[%emt 0:09:30]} 23. exf7+ {[%emt 0:01:30]} Kh8 {[%emt 0:00:00]} 24. Nxh7 {[%emt 0:00:30]} Qc5 {[%emt 0:02:00]} 25. Qe4 {[%emt 0:01:30]} Bc7 {[%emt 0:06:30]} 26. g5 {[%emt 0:02:30]} Qd6 {[%emt 0:05:30]} 27. g3 {[%emt 0:00:00]} Rd8 {[%emt 0:16:44]} 28. Qh4 {[%emt 0:01:00]} g6 {[%emt 0:00:17]} 29. Qh6 {[%emt 0:01:30]} 1-0

[Event "8th Ali Ipek Tournament 2020"]
[Site "Ankara"]
[Date "2020.03.07"]
[Round "3.12"]
[White "Ersahince, Umut Utku"]
[Black "Gokdogan, Alperen"]
[Result "1-0"]
[WhiteElo "1645"]
[BlackElo "1305"]
[Annotator "NA RC"]
[PlyCount "73"]
[EventDate "2020.03.04"]
[EventType "swiss"]
[EventCountry "TUR"]
[TimeControl "5400+30"]

1. e4 {[%emt 0:00:30]} e5 {[%emt 0:00:30]} 2. Nf3 {[%emt 0:00:30]} Nc6 {[%emt 0:00:00]} 3. Nc3 {[%emt 0:00:00]} Nf6 {[%emt 0:00:00]} 4. h3 {[%emt 0:00:00]} d5 {[%emt 0:01:30]} 5. exd5 {[%emt 0:00:30]} Nxd5 {[%emt 0:00:30]} 6. Bb5 {[%emt 0:00:00]} Nxc3 {[%emt 0:00:30]} 7. bxc3 {[%emt 0:00:00]} Bd7 {[%emt 0:01:30]} 8. O-O {[%emt 0:03:30]} Bd6 {[%emt 0:02:30]} 9. d4 {[%emt 0:08:30]} e4 {[%emt 0:02:30]} 10. Ng5 {[%emt 0:00:30]} f5 {[%emt 0:10:30]} 11. Bc4 {[%emt 0:19:30]} Qf6 {[%emt 0:01:30]} 12. Bf7+ {[%emt 0:12:30]} Kf8 {[%emt 0:02:30]} 13. Bd5 {[%emt 0:02:30]} h6 {[%emt 0:06:30]} 14. Nf7 {[%emt 0:01:30]} Rh7 {[%emt 0:00:00]} 15. f3 {[%emt 0:00:00]} exf3 {[%emt 0:04:00]} 16. Qxf3 {[%emt 0:03:00]} g5 {[%emt 0:00:30]} 17. Nxd6 {[%emt 0:00:30]} cxd6 {[%emt 0:00:30]} 18. Rb1 {[%emt 0:03:30]} Nd8 {[%emt 0:11:30]} 19. Bxb7 {[%emt 0:05:30]} Rb8 {[%emt 0:00:30]} 20. Ba3 {[%emt 0:01:30]} Ba4 {[%emt 0:04:30]} 21. Be4 {[%emt 0:03:30]} Rxb1 {[%emt 0:02:30]} 22. Rxb1 {[%emt 0:00:30]} Rf7 {[%emt 0:00:30]} 23. Rf1 {[%emt 0:07:30]} Bb5 {[%emt 0:03:30]} 24. Bd3 {[%emt 0:03:30]} Bc6 {[%emt 0:00:30]} 25. d5 {[%emt 0:00:30]} Bd7 {[%emt 0:00:30]} 26. Bb4 {[%emt 0:01:30]} Nb7 {[%emt 0:00:30]} 27. Rb1 {[%emt 0:11:39]} a5 {[%emt 0:02:30]} 28. Ba3 {[%emt 0:00:05]} Qxc3 {[%emt 0:01:30]} 29. Bb2 {[%emt 0:00:33]} Qc5+ {[%emt 0:00:30]} 30. Kh2 {[%emt 0:00:17]} g4 {[%emt 0:01:30]} 31. Qf4 {[%emt 0:01:29]} Ke8 {[%emt 0:05:30]} 32. Qxh6 {[%emt 0:04:16]} Qxd5 {[%emt 0:00:30]} 33. Qh8+ {[%emt 0:02:54]} Rf8 {[%emt 0:00:30]} 34. Re1+ {[%emt 0:00:56]} Be6 {[%emt 0:00:00]} 35. Qh6 {[%emt 0:00:00]} Nc5 {[%emt 0:05:00]} 36. Bb5+ {[%emt 0:00:20]} Ke7 {[%emt 0:00:30]} 37. Qg5+ {[%emt 0:00:09]} 1-0

[Event "8th Ali Ipek Tournament 2020"]
[Site "Ankara"]
[Date "2020.03.07"]
[Round "3.14"]
[White "Banci, Dogancan"]
[Black "Ozsac, Samet Harun"]
[Result "1-0"]
[WhiteElo "1634"]
[BlackElo "1844"]
[Annotator "NA RC"]
[PlyCount "83"]
[EventDate "2020.03.04"]
[EventType "swiss"]
[EventCountry "TUR"]
[TimeControl "5400+30"]

1. e4 {[%emt 0:00:30]} c5 {[%emt 0:00:30]} 2. Nc3 {[%emt 0:00:30]} a6 {[%emt 0:00:00]} 3. a4 {[%emt 0:01:30]} d6 {[%emt 0:02:00]} 4. Nf3 {[%emt 0:00:30]} g6 {[%emt 0:01:30]} 5. d4 {[%emt 0:07:30]} cxd4 {[%emt 0:00:00]} 6. Nxd4 {[%emt 0:02:30]} Bg7 {[%emt 0:00:00]} 7. Be3 {[%emt 0:01:30]} Nf6 {[%emt 0:01:30]} 8. Be2 {[%emt 0:03:30]} O-O {[%emt 0:00:30]} 9. O-O {[%emt 0:00:30]} Bd7 {[%emt 0:05:30]} 10. Kh1 {[%emt 0:06:30]} Nc6 {[%emt 0:01:30]} 11. f4 {[%emt 0:07:30]} Nxd4 {[%emt 0:01:30]} 12. Bxd4 {[%emt 0:00:30]} Bc6 {[%emt 0:00:30]} 13. Bf3 {[%emt 0:02:30]} Rc8 {[%emt 0:14:30]} 14. a5 {[%emt 0:04:30]} Nd7 {[%emt 0:01:30]} 15. Bxg7 {[%emt 0:16:30]} Kxg7 {[%emt 0:00:30]} 16. Ne2 {[%emt 0:00:30]} Nc5 {[%emt 0:05:30]} 17. b4 {[%emt 0:04:30]} Ne6 {[%emt 0:00:30]} 18. Qd2 {[%emt 0:09:30]} Kg8 {[%emt 0:09:30]} 19. f5 {[%emt 0:03:30]} Ng7 {[%emt 0:00:30]} 20. Nd4 {[%emt 0:02:30]} Bd7 {[%emt 0:08:30]} 21. Bg4 {[%emt 0:06:18]} Ne8 {[%emt 0:12:30]} 22. Qh6 {[%emt 0:07:32]} Nf6 {[%emt 0:07:30]} 23. fxg6 {[%emt 0:03:35]} hxg6 {[%emt 0:05:37]} 24. Bxd7 {[%emt 0:03:29]} Qxd7 {[%emt 0:02:03]} 25. Nf5 {[%emt 0:03:03]} Nh5 {[%emt 0:06:35]} 26. g4 {[%emt 0:00:16]} Qe6 {[%emt 0:01:57]} 27. Rae1 {[%emt 0:01:30]} gxf5 {[%emt 0:01:46]} 28. Qxh5 {[%emt 0:00:05]} Qg6 {[%emt 0:01:20]} 29. exf5 {[%emt 0:01:01]} Qxh5 {[%emt 0:00:30]} 30. gxh5 {[%emt 0:00:00]} Rfe8 {[%emt 0:00:35]} 31. Rf2 {[%emt 0:00:54]} Kh7 {[%emt 0:01:00]} 32. Re3 {[%emt 0:00:20]} Rc4 {[%emt 0:00:33]} 33. f6 {[%emt 0:00:33]} e5 {[%emt 0:01:19]} 34. Rg2 {[%emt 0:00:23]} Rxb4 {[%emt 0:00:35]} 35. Rg7+ {[%emt 0:00:12]} Kh6 {[%emt 0:00:00]} 36. Rxf7 {[%emt 0:00:15]} Rg8 {[%emt 0:01:54]} 37. Rg3 {[%emt 0:00:35]} Rg5 {[%emt 0:01:52]} 38. Rf8 {[%emt 0:01:14]} Rxg3 {[%emt 0:03:18]} 39. hxg3 {[%emt 0:00:01]} Kxh5 {[%emt 0:02:00]} 40. Rg8 {[%emt 0:00:42]} Rb1+ {[%emt 0:00:56]} 41. Kg2 {[%emt 0:00:10]} Rb2 {[%emt 0:00:13]} 42. f7 {[%emt 0:00:13]} 1-0

[Event "8th Ali Ipek Tournament 2020"]
[Site "Ankara"]
[Date "2020.03.06"]
[Round "3.15"]
[White "Ozates, Mert"]
[Black "Orhon, Bora"]
[Result "1-0"]
[WhiteElo "1810"]
[BlackElo "1460"]
[Annotator "NA RC"]
[PlyCount "93"]
[EventDate "2020.03.04"]
[EventType "swiss"]
[EventCountry "TUR"]
[SourceTitle "playchess.com"]
[Source "ChessBase"]
[SourceQuality "1"]
[TimeControl "5400+30"]

1. Nf3 {[%emt 0:00:30]} d5 {[%emt 0:00:30]} 2. b3 {[%emt 0:00:00]} Nf6 {[%emt 0:00:30]} 3. Bb2 {[%emt 0:00:00]} e6 {[%emt 0:00:00]} 4. e3 {[%emt 0:00:00]} c5 {[%emt 0:00:00]} 5. c4 {[%emt 0:00:00]} Nc6 {[%emt 0:00:30]} 6. cxd5 {[%emt 0:00:30]} exd5 {[%emt 0:00:30]} 7. Be2 {[%emt 0:00:00]} Be7 {[%emt 0:00:30]} 8. O-O {[%emt 0:00:00] 8.d4 is not played anymore.} O-O {[%emt 0:00:30]} 9. d4 {[%emt 0:00:00]} h6 {[%emt 0:02:30] A13: English Opening: 1...e6.} 10. Nc3 {[%emt 0:01:00]} Bf5 {[%emt 0:03:30]} 11. dxc5 {[%emt 0:02:30]} Bxc5 {[%emt 0:00:30]} 12. Rc1 {[%emt 0:00:00]} Be7 {[%emt 0:03:30]} 13. Nd4 {[%emt 0:06:00]} Bh7 {[%emt 0:04:30] [#]} 14. Na4 $146 {[%emt 0:15:30]} ({Predecessor:} 14. Nxc6 bxc6 15. Na4 Qd7 16. Qd4 Bd6 17. h3 Rfe8 18. Bf3 Be4 19. Bxe4 Rxe4 20. Nc5 Bxc5 21. Qxc5 {1-0 (27) Lagarde,M (2594)-Chakravarthi,R (2353) Bastia 2017}) 14... Rc8 {[%emt 0:09:30]} 15. Nxc6 {[%emt 0:10:30]} bxc6 {[%emt 0:05:30]} 16. Qd4 {[%emt 0:14:30]} Qc7 {[%emt 0:11:30]} 17. Ba6 {[%emt 0:07:30]} Rb8 {[%emt 0:03:30]} 18. Bd3 {[%emt 0:02:30]} Bxd3 {[%emt 0:10:30]} 19. Qxd3 {[%emt 0:02:30]} Rfe8 {[%emt 0:11:30]} 20. Rc2 {[%emt 0:04:30]} Ng4 {[%emt 0:02:30]} 21. g3 {[%emt 0:01:30]} Bd6 {[%emt 0:04:30]} 22. Rfc1 {[%emt 0:04:30]} Rbc8 {[%emt 0:02:30]} (22... Qd7 $16 23. Rxc6 Be5) 23. Rxc6 {[%emt 0:03:30]} Qxc6 {[%emt 0:00:00]} 24. Rxc6 {[%emt 0:00:30]} Rxc6 {[%emt 0:00:00]} 25. Qxd5 {[%emt 0:03:30]} Rec8 {[%emt 0:00:30] [#]} 26. Qd4 $1 {[%emt 0:02:05]} Ne5 {[%emt 0:02:30]} 27. Kg2 {[%emt 0:02:19]} f6 {[%emt 0:02:59]} 28. Qxa7 {[%emt 0:02:31]} Rc2 {[%emt 0:01:07]} 29. Qd4 {[%emt 0:01:00]} R8c6 {[%emt 0:01:53]} (29... Nf7 {is a better defense.} 30. Qd1 Kh8) 30. b4 {[%emt 0:04:49]} Nc4 {[%emt 0:03:55]} 31. b5 {[%emt 0:03:08]} Rc8 {[%emt 0:00:55]} 32. Qd5+ {[%emt 0:04:54]} Kh8 {[%emt 0:00:09]} 33. Bd4 {[%emt 0:00:00]} Rd2 $18 {[%emt 0:01:13]} 34. Qe6 {[%emt 0:00:55]} Rc7 {[%emt 0:02:26]} 35. b6 {[%emt 0:00:58]} Nxb6 {[%emt 0:00:55]} 36. Nxb6 {[%emt 0:01:27]} Rcc2 {[%emt 0:00:25]} 37. Qe8+ {[%emt 0:00:58]} Kh7 {[%emt 0:00:04]} 38. Qe4+ {[%emt 0:00:34]} Kh8 {[%emt 0:00:04]} 39. Qf3 {[%emt 0:00:37]} Rxa2 {[%emt 0:00:18]} 40. Nc4 {[%emt 0:00:12]} Rxf2+ {[%emt 0:00:42]} 41. Qxf2 {[%emt 0:00:30]} Rxf2+ {[%emt 0:00:00]} 42. Kxf2 {[%emt 0:00:00]} Be7 {[%emt 0:00:09]} 43. Kf3 {[%emt 0:00:16]} Kh7 {[%emt 0:00:00]} 44. Nb6 {[%emt 0:00:01]} Bd6 {[%emt 0:00:05]} 45. Nd5 {[%emt 0:00:37]} Kg6 {[%emt 0:00:30]} 46. Nf4+ {[%emt 0:00:00]} Kf7 {[%emt 0:00:13]} 47. Ke4 {[%emt 0:00:01]} 1-0

[Event "8th Ali Ipek Tournament 2020"]
[Site "Ankara"]
[Date "2020.03.07"]
[Round "3.16"]
[White "Genc, Arda"]
[Black "Hotman, Cagan Arhan"]
[Result "1-0"]
[WhiteElo "1734"]
[BlackElo "1358"]
[Annotator "NA RC"]
[PlyCount "39"]
[EventDate "2020.03.04"]
[EventType "swiss"]
[EventCountry "TUR"]
[TimeControl "5400+30"]

1. e4 {[%emt 0:00:30]} e5 {[%emt 0:00:30]} 2. Nf3 {[%emt 0:00:30]} Nc6 {[%emt 0:00:00]} 3. Nc3 {[%emt 0:00:00]} Nf6 {[%emt 0:00:00]} 4. h3 {[%emt 0:00:00]} Bc5 {[%emt 0:04:30]} 5. Nxe5 {[%emt 0:01:30]} Bxf2+ {[%emt 0:02:30]} 6. Kxf2 {[%emt 0:00:30]} Nxe5 {[%emt 0:00:30]} 7. d4 {[%emt 0:00:30]} Ng6 {[%emt 0:06:30]} 8. e5 {[%emt 0:06:30]} Ng8 {[%emt 0:05:30]} 9. Bc4 {[%emt 0:32:30]} N8e7 {[%emt 0:01:30]} 10. Qf3 {[%emt 0:12:30]} O-O {[%emt 0:00:30]} 11. h4 {[%emt 0:08:30]} Nc6 {[%emt 0:03:30]} 12. h5 {[%emt 0:00:30]} Nge7 {[%emt 0:01:30]} 13. Be3 {[%emt 0:01:30]} h6 {[%emt 0:02:30]} 14. Bxh6 {[%emt 0:12:50]} Nxd4 {[%emt 0:02:30]} 15. Qg4 {[%emt 0:01:33]} Ndf5 {[%emt 0:03:30]} 16. Bxg7 {[%emt 0:00:15]} Nxg7 {[%emt 0:00:30]} 17. h6 {[%emt 0:00:10]} Nef5 {[%emt 0:00:30]} 18. hxg7 {[%emt 0:00:45]} Nxg7 {[%emt 0:00:30]} 19. Qg6 {[%emt 0:00:07]} d5 {[%emt 0:00:30]} 20. Qh7# {[%emt 0:00:08]} 1-0

[Event "8th Ali Ipek Tournament 2020"]
[Site "Ankara"]
[Date "2020.03.07"]
[Round "3.17"]
[White "Aslan, Ali Efe"]
[Black "Nazli, Sertan"]
[Result "0-1"]
[WhiteElo "1394"]
[BlackElo "1745"]
[Annotator "NA RC"]
[PlyCount "62"]
[EventDate "2020.03.04"]
[EventType "swiss"]
[EventCountry "TUR"]
[TimeControl "5400+30"]

1. e4 {[%emt 0:00:30]} e5 {[%emt 0:00:30]} 2. Nf3 {[%emt 0:00:30]} Nc6 {[%emt 0:00:00]} 3. Nc3 {[%emt 0:00:00]} Nf6 {[%emt 0:00:00]} 4. Be2 {[%emt 0:00:00]} d5 {[%emt 0:00:30]} 5. exd5 {[%emt 0:00:00]} Nxd5 {[%emt 0:00:00]} 6. O-O {[%emt 0:00:00]} Nxc3 {[%emt 0:00:00]} 7. bxc3 {[%emt 0:00:00]} e4 {[%emt 0:00:30]} 8. Ne1 {[%emt 0:00:00]} f5 {[%emt 0:00:00]} 9. f3 {[%emt 0:01:30]} Bc5+ {[%emt 0:00:00]} 10. Kh1 {[%emt 0:00:00]} Bd6 {[%emt 0:05:30]} 11. fxe4 {[%emt 0:03:00]} fxe4 {[%emt 0:00:00]} 12. g3 {[%emt 0:13:30]} Bh3 {[%emt 0:01:00]} 13. Ng2 {[%emt 0:00:30]} Qd7 {[%emt 0:00:30]} 14. Bc4 {[%emt 0:05:30]} Ne5 {[%emt 0:19:30]} 15. Bd5 {[%emt 0:01:30]} O-O-O {[%emt 0:00:30]} 16. Nf4 {[%emt 0:12:30]} Rhf8 {[%emt 0:12:30]} 17. Re1 {[%emt 0:10:30]} Bg4 {[%emt 0:10:30]} 18. Qxg4 {[%emt 0:00:30]} Nxg4 {[%emt 0:02:30]} 19. Be6 {[%emt 0:00:30]} Bxf4 {[%emt 0:04:30]} 20. Bxd7+ {[%emt 0:00:30]} Rxd7 {[%emt 0:00:30]} 21. gxf4 {[%emt 0:00:00]} Rxf4 {[%emt 0:00:00]} 22. h3 {[%emt 0:00:00]} Nf6 {[%emt 0:06:00]} 23. Kg2 {[%emt 0:01:30]} Rf5 {[%emt 0:00:30]} 24. Re2 {[%emt 0:04:30]} Rf7 {[%emt 0:00:30]} 25. Ba3 {[%emt 0:00:30]} Rf3 {[%emt 0:04:30]} 26. Rf1 {[%emt 0:03:30]} Nh5 {[%emt 0:01:30]} 27. Ree1 {[%emt 0:12:30]} Nf4+ {[%emt 0:01:30]} 28. Kh2 {[%emt 0:00:30]} Rxh3+ {[%emt 0:00:30]} 29. Kg1 {[%emt 0:00:00]} Rg3+ {[%emt 0:04:30]} 30. Kh2 {[%emt 0:00:00]} Rg4 {[%emt 0:03:30]} 31. Rxe4 {[%emt 0:03:30]} Rf6 {[%emt 0:00:00]} 0-1

[Event "8th Ali Ipek Tournament 2020"]
[Site "Ankara"]
[Date "2020.03.07"]
[Round "3.18"]
[White "Ari, Hasancan"]
[Black "Ercan, Mehmet Fahri"]
[Result "1-0"]
[WhiteElo "1399"]
[BlackElo "1810"]
[Annotator "NA RC"]
[PlyCount "33"]
[EventDate "2020.03.04"]
[EventType "swiss"]
[EventCountry "TUR"]
[TimeControl "5400+30"]

1. d4 {[%emt 0:00:30]} Nf6 {[%emt 0:26:30]} 2. c4 {[%emt 0:00:30]} e6 {[%emt 0:00:30]} 3. Nf3 {[%emt 0:00:30]} d5 {[%emt 0:00:30]} 4. Bg5 {[%emt 0:00:00]} c6 {[%emt 0:00:00]} 5. Nc3 {[%emt 0:00:00]} Nbd7 {[%emt 0:00:00]} 6. e3 {[%emt 0:00:00]} Qa5 {[%emt 0:00:30]} 7. Bxf6 {[%emt 0:00:00]} Nxf6 {[%emt 0:00:00]} 8. Nd2 {[%emt 0:00:30]} dxc4 {[%emt 0:00:00]} 9. Nxc4 {[%emt 0:00:30]} Qc7 {[%emt 0:00:30]} 10. Bd3 {[%emt 0:01:30]} Be7 {[%emt 0:00:30]} 11. Rc1 {[%emt 0:00:30]} O-O {[%emt 0:00:30]} 12. O-O {[%emt 0:01:30]} Bd7 {[%emt 0:04:30]} 13. Ne5 {[%emt 0:03:30]} Rad8 {[%emt 0:00:30]} 14. f4 {[%emt 0:05:30]} Qb6 {[%emt 0:03:30]} 15. Rf3 {[%emt 0:01:30]} Qxb2 {[%emt 0:02:30]} 16. Nc4 {[%emt 0:00:30]} Qb4 {[%emt 0:02:30]} 17. a3 {[%emt 0:00:30]} 1-0

[Event "8th Ali Ipek Tournament 2020"]
[Site "Ankara"]
[Date "2020.03.06"]
[Round "3.19"]
[White "Yilmaz, Baver"]
[Black "Ergani, Efe"]
[Result "0-1"]
[WhiteElo "1446"]
[BlackElo "1668"]
[Annotator "NA"]
[PlyCount "82"]
[EventDate "2020.03.04"]
[EventType "swiss"]
[EventCountry "TUR"]
[SourceTitle "playchess.com"]
[Source "ChessBase"]
[SourceQuality "1"]
[TimeControl "5400+30"]

1. e4 {[%emt 0:01:30]} g6 {[%emt 0:00:30]} 2. d4 {[%emt 0:00:30]} Bg7 {[%emt 0:00:30]} 3. Nf3 {[%emt 0:00:30]} d6 {[%emt 0:00:00]} 4. Nc3 {[%emt 0:00:00]} a6 {[%emt 0:00:00]} 5. Be3 {[%emt 0:01:00]} Nd7 {[%emt 0:00:30]} 6. Bc4 {[%emt 0:02:30]} e6 {[%emt 0:00:30]} 7. Bg5 {[%emt 0:03:30]} Ne7 {[%emt 0:00:30]} 8. Qd2 {[%emt 0:00:30]} h6 {[%emt 0:02:30]} 9. Be3 {[%emt 0:00:30]} b5 {[%emt 0:06:30]} 10. Bb3 {[%emt 0:01:30]} Rb8 {[%emt 0:00:30]} 11. Ne2 {[%emt 0:01:30]} Nf6 {[%emt 0:03:30]} 12. Ng3 {[%emt 0:02:30]} Ng4 {[%emt 0:04:30]} 13. h3 {[%emt 0:04:30]} Nxe3 {[%emt 0:01:30]} 14. fxe3 {[%emt 0:01:30]} c5 {[%emt 0:04:30]} 15. c3 {[%emt 0:01:30]} Qc7 {[%emt 0:01:30]} 16. Ne2 {[%emt 0:01:30]} Bd7 {[%emt 0:06:30]} 17. O-O {[%emt 0:00:30]} O-O {[%emt 0:02:30]} 18. Nf4 {[%emt 0:01:30]} a5 {[%emt 0:04:30]} 19. a3 {[%emt 0:01:30]} b4 {[%emt 0:02:30]} 20. axb4 {[%emt 0:05:30]} axb4 {[%emt 0:01:30]} 21. c4 {[%emt 0:00:30]} Ra8 {[%emt 0:00:30]} 22. Nh2 {[%emt 0:02:30]} cxd4 {[%emt 0:03:30]} 23. exd4 {[%emt 0:00:30]} Qb6 {[%emt 0:00:00]} 24. Ne2 {[%emt 0:02:30]} Nc6 {[%emt 0:02:00]} 25. Rad1 {[%emt 0:01:30]} Na5 {[%emt 0:00:30]} 26. Bc2 {[%emt 0:02:30]} Nxc4 {[%emt 0:00:30]} 27. Qc1 {[%emt 0:01:30]} e5 {[%emt 0:04:30]} 28. Nf3 {[%emt 0:02:30]} Rac8 {[%emt 0:02:30]} 29. Kh1 {[%emt 0:00:30]} Bb5 {[%emt 0:02:30]} 30. Rfe1 {[%emt 0:03:30]} Rc7 {[%emt 0:03:30]} 31. Qb1 {[%emt 0:02:30]} Ne3 {[%emt 0:00:30]} 32. Rd2 {[%emt 0:00:30]} Nxc2 {[%emt 0:00:30]} 33. Rxc2 {[%emt 0:01:30]} Bd3 {[%emt 0:00:30]} 34. Rec1 {[%emt 0:01:30]} Bxc2 {[%emt 0:00:30]} 35. Rxc2 {[%emt 0:00:30]} Rfc8 {[%emt 0:00:30]} 36. Rxc7 {[%emt 0:00:30]} Qxc7 {[%emt 0:00:00]} 37. d5 {[%emt 0:00:30]} Qc2 {[%emt 0:00:00]} 38. Qxc2 {[%emt 0:00:30]} Rxc2 {[%emt 0:00:30]} 39. Ng3 {[%emt 0:00:30]} Rxb2 {[%emt 0:00:00]} 40. Kg1 {[%emt 0:00:30]} b3 {[%emt 0:00:00]} 41. Kf1 {[%emt 0:00:30]} Rc2 {[%emt 0:00:30]} 0-1

[Event "8th Ali Ipek Tournament 2020"]
[Site "Ankara"]
[Date "2020.03.07"]
[Round "4.1"]
[White "Yarashov, Azat"]
[Black "Alkan, Omer Tarik"]
[Result "1-0"]
[WhiteElo "2218"]
[BlackElo "1757"]
[Annotator "TA"]
[PlyCount "95"]
[EventDate "2020.03.04"]
[EventType "swiss"]
[EventCountry "TUR"]
[SourceTitle "playchess.com"]
[Source "ChessBase"]
[SourceQuality "1"]

{[%evp 9,95,34,39,41,47,17,26,15,35,40,39,32,68,29,22,26,29,14,31,39,24,28,50,15,47,13,23,14,14,-13,6,11,54,39,60,54,59,59,58,82,112,104,155,108,218,144,155,120,249,293,272,165,455,215,354,250,263,260,545,539,505,322,337,338,304,255,272,269,1115,271,271,278,285,253,296,328,29967,29968,29968,29971,29970,29971,29978,29979,29980,29981,29981,29982]} 1. Nf3 Nf6 2. b3 a5 3. a3 {[#]} a4 $146 ({Predecessor:} 3... g6 4. Bb2 Bg7 5. e3 O-O 6. Be2 d6 7. d4 Nbd7 8. O-O Qe8 9. Nbd2 e5 10. dxe5 dxe5 {0-1 (55) Dumont,A (2019)-Risting,E (2308) Lisbon 2018}) 4. b4 d5 5. Bb2 Bf5 6. e3 {A05: Réti Opening: 1 Nf3 Nf6.} Nbd7 7. d4 e6 8. c4 {White has an edge.} dxc4 9. Bxc4 c6 10. Nc3 b5 11. Bd3 Bxd3 $1 12. Qxd3 Nb6 13. O-O Nc4 14. Qc2 Nd7 15. Rad1 Be7 16. e4 O-O 17. Bc1 Qc7 18. Rd3 Rfd8 19. Rfd1 Nf6 20. Nd2 (20. Qe2 {looks sharper.} Qa7 21. Ng5 h6 22. Nf3 Rac8 23. h3) 20... Nxd2 21. Bxd2 Ne8 (21... Ng4 22. e5 $16) 22. Ne2 Nd6 23. Bf4 Qb7 24. Bxd6 Rxd6 25. Rc1 f6 ({Better is} 25... e5) 26. Rc3 $16 Rc8 (26... Qd7 $16) 27. f4 Qb6 28. Kf1 Rxd4 {A mistake that costs the game.} (28... Qb7 $16 {might work better.}) 29. Nxd4 $18 Qxd4 30. Rd3 ({But not} 30. Rxc6 $6 Rxc6 31. Qxc6 Qd3+ 32. Kg1 Kf8 $18) 30... Qa7 $2 {[#]} (30... Qb6 {is a better defense.} 31. Rc3 Rd8) 31. Qd2 (31. Qa2 $142 $1 Kf7 32. f5) 31... Rc7 (31... Kf8 $142 32. e5 fxe5) 32. Rdc3 c5 33. bxc5 {[%mdl 64] Overworked Piece} Rxc5 $2 (33... g6 34. f5 Qb7) 34. Rxc5 Bxc5 {[%mdl 4096] Endgame KQR-KQB} 35. Qd8+ Bf8 {intending ...Qe3.} 36. Rc8 {[%csl Gc8][%cal Rd8f8]} Qf7 37. Ke2 g5 38. fxg5 Qh5+ $2 {[#]} (38... fxg5 39. Qxg5+ Qg7 40. Qxg7+ Kxg7) 39. Kd2 $2 (39. Kf1 $1 {[%csl Gc8][%cal Rd8f8]} Qf7 40. Rc7) 39... Qxg5+ 40. Kd3 {[%csl Gc8][%cal Rd8f8]} Qg7 41. Rb8 f5 42. exf5 Qf7 $2 {[#]} (42... exf5 $18 43. Qd5+ (43. Rxb5 Qxg2 44. Qd5+ Qxd5+ 45. Rxd5 Bxa3 $18) 43... Qf7 44. Qxb5 Qe6) 43. Qxf8+ $1 {[%mdl 576] Deflection. White mates.} Qxf8 44. Rxf8+ Kxf8 45. fxe6 b4 46. axb4 Ke7 47. Kc3 Kxe6 48. Kb2 {Accuracy: White = 62%, Black = 48%.} 1-0